Statistics for Guess the European City by Picture

Click here to take the quiz!

General Stats

  • This quiz has been taken 50 times
  • The average score is 12 of 15

Answer Stats

Answer% Correct
Athens
93%
Copenhagen
93%
Barcelona
91%
Munich
86%
Brussels
84%
Prague
81%
Tallin
81%
St Petersburg
79%
Milan
77%
Stockholm
77%
Lisbon
72%
Riga
72%
Marseille
67%
Belgrade
63%
Thessaloniki
56%

Score Distribution

Percentile by Number Answered

Percent of People with Each Score

Your Score History

You have not taken this quiz